Rozpoznaj nazwę polskiego województwa z rozsypanki wyrazowej - Statystyki

Ogólne statystyki
  • Ten quiz został rozwiązany 1 078 razy
  • Średni wynik to 13 z 15
Statystyki odpowiedzi
Województwo Odpowiedź % Poprawnych
ó i e ł d k z łódzkie
99%
l o o d ś l k i e n ą s dolnośląskie
95%
i c i e z k m a o w e mazowieckie
94%
l a p o d k i e s podlaskie
94%
z s w r a i m k u - o ń m r i k s a w warmińsko - mazurskie
93%
s i k l b u u e lubuskie
92%
b s i e l u l k e lubelskie
91%
ł s i k m p a o o l e małopolskie
91%
o s w j a k k u - o o m s w i r k p kujawsko - pomorskie
88%
k o i l k e i o p l s e w wielkopolskie
86%
l i k s p o o e opolskie
82%
o s k e p m r i o pomorskie
81%
o w ę ś k k u e i r s i t z świętokrzyskie
81%
a p k p c e o a i k r d podkarpackie
75%
o r k p m e o i s - n h d o i a c o z zachodnio - pomorskie
73%
Nie znaleziono quizów pasujących do podanych kryteriów
Rozkład punktacji
Procent ludzi z każdym wynikiem
Percentyl według liczby udzielonych odpowiedzi
Twoja historia wyników
Nie rozwiązałeś tego quizu